Life is sad and beautiful : (Record no. 3437)
[ view plain ]
| 000 -LEADER | |
|---|---|
| fixed length control field | 00583cam a2200205 i 4500 |
| 008 - FIXED-LENGTH DATA ELEMENTS--GENERAL INFORMATION | |
| fixed length control field | 220105t20222022enka 000 p eng d |
| 020 ## - INTERNATIONAL STANDARD BOOK NUMBER | |
| ISBN | 9781529390186 |
| 020 ## - INTERNATIONAL STANDARD BOOK NUMBER | |
| ISBN | 1529390184 |
| 100 1# - MAIN ENTRY--AUTHOR | |
| Author | Manawer, Hussain, |
| 245 10 - TITLE STATEMENT | |
| Title | Life is sad and beautiful : |
| Remainder of title | by the original mummy's boy / |
| Statement of responsibility, etc | Hussain Manawer. |
| 260 ## - PUBLICATION, DISTRIBUTION, ETC. (IMPRINT) | |
| Place of publication | London |
| Name of publisher | Hodder and Stroughton |
| Date of publication | 2022 |
| 300 ## - COLLATION | |
| Pagination | xxiv, 295 pages : |
| Other physical details | illustrations ; |
| 650 #0 - TRACINGS | |
| Main Subject | Mothers |
| Subdivision (1st) | Poetry. |
| 650 #0 - TRACINGS | |
| Main Subject | Sons |
| Subdivision (1st) | Poetry. |
| 650 #7 - TRACINGS | |
| Main Subject | Mothers. |
| 650 #7 - TRACINGS | |
| Main Subject | Sons. |
| 942 ## - ADDED ENTRY ELEMENTS (KOHA) | |
| Item type | Books |
| 050 00 - LIBRARY OF CONGRESS CALL NUMBER | |
| Classification number | PR6113.A484 |
| Item number | L54 2022 |
| 082 04 - DEWEY DECIMAL CLASSIFICATION NUMBER | |
| Classification number | 821.92 |
| Source of classification or shelving scheme | Not for loan | Permanent location | Current location | Date acquired | Accession No. | Full call number | Barcode. | Koha item type |
|---|---|---|---|---|---|---|---|---|
| Library of Congress Classification | Samuel Ogbemudia Main Library, University of Abuja | Samuel Ogbemudia Main Library, University of Abuja | 05/13/2025 | 2024/63701 | PR6113.A484.L54 | 2025-1903 | Books |